• 首页
  • 本馆介绍
  • 公告通知
  • 最新文献
  • 馆藏检索
  • 电子资源
  • 读者导购
  • 参考咨询
  • 我的图书馆
  • 登录
  • 详细信息显示
  • 放入我的书架
  • 预约/预借图书
  • 作者相关作品
  • 分类相关作品
  • 丛书相关作品
  • 出版社相关作品

书目信息

  • 表格格式
  • 工作单格式
  • 卡片格式
题名:
货币和金融机构理论
    
 
作者: 舒贝克 , shubik 著 ;王永钦 译
分册: 第2卷  
出版信息: 上海   上海人民出版社  2006
页数: 441页
开本: 21cm
丛书名: 当代经济学系列丛书
单 册:
中图分类: F820.2 , F820
科图分类:
主题词: 金融机构--研究 , 货币制度--研究 , 金融机构 , 货币制度
电子资源:
ISBN: 7-208-06087-8
000 01132oam2 2200337 450
001 012007222848
005 20070530143722.20
010    @a7-208-06087-8@dCNY29.00
100    @a20070508d2006 km y0chiy0120 ea
101 1  @achi@ceng
102    @aCN@b310000
105    @aa z 000yy
106    @ar
200 1  @a货币和金融机构理论@Ahuo bi he jin rong ji gou li lun@h第2卷@f(美)马丁·舒贝克著@F(mei)ma ding·shu bei ke zhu@g王永钦译@Gwang yong qin yi
210    @a上海@c上海人民出版社@d2006
215    @a441页@c图@d21cm
225 2  @a当代经济学系列丛书@i当代经济学译库
330    @a本书把宏观和微观、产权和政府都融入到制度分析框架中,是一部新古典主流学派探索交易费用和制度的著作。
461  0 @12001 @a当代经济学系列丛书
510 1  @aTheory of money and financial institutions@zeng
606 0  @a金融机构@x研究
606 0  @a货币制度@x研究
606 0  @a金融机构
606 0  @a货币制度
690    @aF820.2@v4
690    @aF820@v3
701  1 @c(美)@a舒贝克@Ashu bei ke@b马丁@4著
701  1 @c(美)@ashubik@bM.@4著
702  0 @a王永钦@Awang yong qin@4译
801  0 @aCN@bRULIN@c20070530
905    @dF820@e43:2@s5
    
    货币和金融机构理论.第2卷/(美)马丁·舒贝克著/王永钦译.-上海:上海人民出版社,2006
    441页:图;21cm.-(当代经济学系列丛书.当代经济学译库)
    
    
    ISBN 7-208-06087-8:CNY29.00
    本书把宏观和微观、产权和政府都融入到制度分析框架中,是一部新古典主流学派探索交易费用和制度的著作。
●
相关链接 在E读中查询图书 在五车中查询图书 在当当中查询图书 在豆瓣中查询图书


正题名:货币和金融机构理论     索取号:F820/43:2         预约/预借

序号 登录号 条形码 馆藏地/架位号 状态 备注
1 0572120   205721209   第一样本阅览室/ [索取号:F820/43:2] 在馆    
2 0572121   205721218   第一借阅区/ [索取号:F820/43:2] 在馆    
3 0572122   205721227   第一借阅区/ [索取号:F820/43:2] 在馆    
4 0572123   205721236   第一借阅区/ [索取号:F820/43:2] 在馆    
5 0572124   20572124   第一借阅区/ [索取号:F820/43:2] 在馆    
唐山师范学院图书馆 欢迎您!
大连网信软件有限公司© 版权所有